La hipertensión esencial / (Record no. 79722)

MARC details
000 -LEADER
campo de control de longitud fija 00566nam a2200169 i 4500
001 - NÚMERO DE CONTROL
campo de control 79722
003 - IDENTIFICADOR DE NÚMERO DE CONTROL
campo de control ES-MaACL
007 - CAMPO FIJO DE DESCRIPCIÓN FÍSICA--INFORMACIÓN GENERAL
campo de control de longitud fija t|
008 - DATOS DE LONGITUD FIJA--INFORMACIÓN GENERAL
campo de control de longitud fija 041022s1948 ag ||||1| spa d
100 1# - ENTRADA PRINCIPAL--NOMBRE DE PERSONA
Nombre de persona Herndon, Richard F.
9 (RLIN) 63121
245 13 - MENCIÓN DEL TÍTULO
Título La hipertensión esencial /
Mención de responsabilidad, etc. Richard F. Herndon ; [traducido por Amanda A. Pellegrino y Carlos A. Iraldi].
260 ## - PUBLICACIÓN, DISTRIBUCIÓN, ETC.
Lugar de publicación, distribución, etc. Buenos Aires :
Nombre del editor, distribuidor, etc. Argonauta,
Fecha de publicación, distribución, etc. 1948 (
Fabricante Americalee)
300 ## - DESCRIPCIÓN FÍSICA
Extensión 100 p. :
Otras características físicas il. ;
Dimensiones 25 cm.
700 1# - ENTRADA AGREGADA--NOMBRE PERSONAL
Nombre de persona Pellegrino, Amanda A.
9 (RLIN) 90067
700 1# - ENTRADA AGREGADA--NOMBRE PERSONAL
Nombre de persona Iraldi, Carlos A.
9 (RLIN) 65412
852 ## - LOCALIZACIÓN
Ubicación ES-MaACL
Número de control de estantería E-1630
Sublocalización o colección R.28621
Holdings
Estatus retirado Estado de pérdida Estado de daño No para préstamo Biblioteca de origen Biblioteca actual Ubicación en estantería Fecha de adquisición Fuente de adquisición Total de préstamos Signatura topográfica completa Código de barras Visto por última vez Precio de reemplazo Tipo de ítem Koha
        Biblioteca del Ateneo de Madrid Biblioteca del Ateneo de Madrid Depósito 2 17/01/2008     E-1630 1083362 23/02/2023 23/02/2023 Libro impreso